| LEADER | 01020nam a2200301 a 4500 | ||
|---|---|---|---|
| 001 | GR-MES3495 | ||
| 008 | 991111s gr 000 b eng d | ||
| 020 | |a 0897212681 | ||
| 040 | |a GrPaTEI |b gre |c GR-PaULI | ||
| 245 | 0 | 4 | |a The ortho problem solver. |
| 250 | |a 4th | ||
| 260 | |a San Ramon : |b Ortho, |c c1994 | ||
| 300 | |a 960σελ. : |b εικ. | ||
| 650 | 4 | |a Ασθένειες | |
| 650 | 4 | |a ΒΟΛΒΩΔΗ ΛΑΧΑΝΙΚΑ | |
| 650 | 4 | |a Δένδρα | |
| 650 | 4 | |a Ζιζάνια | |
| 650 | 4 | |a Κήπος | |
| 650 | 4 | |a Κηπουρική | |
| 650 | 4 | |a Λαχανικά | |
| 650 | 4 | |a Φρούτα | |
| 650 | 4 | |a Φυτά |x Καλλιέργεια | |
| 700 | 1 | |a Smith, C. | |
| 710 | 0 | |a Ortho | |
| 942 | |2 ddc | ||
| 952 | |0 0 |1 0 |2 ddc |4 0 |6 635_000000000000000_SMI |7 0 |9 268082 |a MSLG |b MSLG |c BSC |d 2021-01-17 |e 24 |f 0 |g 0.00 |l 0 |o 635 SMI |p 2420000004383 |r 2021-01-17 00:00:00 |t 1 |v 2021.00 |w 2021-01-17 |y BK15 |x Μεταφορά από Αμαλιάδα (18/10/22) |x GrPaTEI | ||
| 971 | |a .b25745402 |b 15-04-20 |c 13-09-16 | ||
| 999 | |c 154416 |d 154416 | ||